Théatre complet / (Record no. 169769)
[ view plain ]
| 000 -LEADER | |
|---|---|
| campo de control de longitud fija | 01094nam a22002415i 4500 |
| 001 - NÚMERO DE CONTROL | |
| campo de control | 169769 |
| 003 - IDENTIFICADOR DE NÚMERO DE CONTROL | |
| campo de control | ES-MaACL |
| 005 - FECHA Y HORA DE LA ÚLTIMA TRANSACCIÓN | |
| campo de control | 20251002203507.0 |
| 008 - DATOS DE LONGITUD FIJA--INFORMACIÓN GENERAL | |
| campo de control de longitud fija | 081125s1879 fr |||| | fre d |
| 080 ## - NÚMERO DE LA CLASIFICACIÓN DECIMAL UNIVERSAL | |
| Número de la Clasificación Decimal Universal | 821.133.1-2"16" |
| 100 1# - ENTRADA PRINCIPAL--NOMBRE DE PERSONA | |
| Nombre de persona | Scarron, Paul. |
| 9 (RLIN) | 132529 |
| 245 10 - MENCIÓN DEL TÍTULO | |
| Título | Théatre complet / |
| Mención de responsabilidad, etc. | Scarron ; précédée d'une notice biographique par Édouard Fournier ; et illustrée de quatre gravures coloriées dessinées par Mm. Bayard, M. Sand et Louis Fournier. |
| 250 ## - MENCION DE EDICION | |
| Mención de edición | Nouvelle ed. |
| 260 ## - PUBLICACIÓN, DISTRIBUCIÓN, ETC. | |
| Lugar de publicación, distribución, etc. | Paris : |
| Nombre del editor, distribuidor, etc. | Laplace, Sanchez, |
| Fecha de publicación, distribución, etc. | 1879. |
| 300 ## - DESCRIPCIÓN FÍSICA | |
| Extensión | XXIII, 487 p., [4] h. de lám. col. ; |
| Dimensiones | 18 cm. |
| 505 8# - NOTA DE CONTENIDO CON FORMATO | |
| Nota de contenido con formato | Contiene: La marquis ridicule. L'Ecolier de Salamanque. L'Hériter ridicule. Jodelet duelliste. Jodelet ou le Maitre-Valet. Don Japhet d'Arménie. La fausse apparence. Le prince corsaire |
| 700 1# - ENTRADA AGREGADA--NOMBRE PERSONAL | |
| Nombre de persona | Fournier, Edouard. |
| 9 (RLIN) | 51978 |
| 700 1# - ENTRADA AGREGADA--NOMBRE PERSONAL | |
| Nombre de persona | Bayard, Émile, |
| Fechas asociadas al nombre | 1837-1891 |
| 9 (RLIN) | 26648 |
| 700 0# - ENTRADA AGREGADA--NOMBRE PERSONAL | |
| Nombre de persona | Sand, Maurice. |
| 9 (RLIN) | 103063 |
| 700 0# - ENTRADA AGREGADA--NOMBRE PERSONAL | |
| Nombre de persona | Fournier, Louis. |
| 9 (RLIN) | 51984 |
| 852 ## - LOCALIZACIÓN | |
| Ubicación | ES-MaACL |
| Número de control de estantería | E-12277 |
| itemnumber | R.190472 |
| Nota libre | .- Biblioteca Jacinto Martínez Lacalle |
| Estatus retirado | Estado de pérdida | Estado de daño | No para préstamo | Colección | Biblioteca de origen | Biblioteca actual | Ubicación en estantería | Fecha de adquisición | Fuente de adquisición | Total de préstamos | Signatura topográfica completa | Código de barras | Visto por última vez | Precio de reemplazo | Tipo de ítem Koha |
|---|---|---|---|---|---|---|---|---|---|---|---|---|---|---|---|
| Libros del s. XIX | Biblioteca del Ateneo de Madrid | Biblioteca del Ateneo de Madrid | Depósito 2 | 25/11/2008 | E-12277 | 1178240 | 23/02/2023 | 23/02/2023 | Libro impreso antiguo |
